000 00712nam a22002537a 4500
001 BR9401897
003 BR-BrBNA
005 20230928093921.0
007 ta
008 230509b bl.||||| |||| 00| 0 por d
040 _aBR-BrBNA
_bpor
_cBiblioteca Nacional de Agricultura
041 _a(Por)
072 _aE14
090 _ E14 BR9401897
110 1 _aComissao Estadual de Planejamento Agricola do Piaui, Teresina (Brasil)
_92040
245 1 _aPlano agricola do Piaui para 1986/87
260 3 _aTeresina, PI (Brasil):
_c1986.
300 _a74 p.
650 _aPlanejamento Agricola
650 _aProjeto de Desenvolvimento
650 _aPiaui
909 _a202309
_bLucia
_c55
_dLucia Elande
942 _cBK
999 _c47883
_d47883